000 00507nam a2200157 a 4500
001 000033457
005 20200930070254.0
008 110830s1965 dr 000 0 spa d
040 _aDO-SdBNP
_bspa
_cBNPHU
082 _axxxx
_bB496c
100 1 _aBergés Bordas, Domingo Octavio
_92551
245 1 0 _aCartas a mis hijas :
_bconsejo a las jóvenes que se hacen mujeres /
_cDomingo Octavio Bergés Bordas.
260 _aSanto Domingo :
_bEditora de Caribe,
_c1965.
300 _a82 p. ;
_c24 cm.
049 _aBNPD
999 _c32948
_d32948